| 000 | 00346nam a2200133Ia 4500 | ||
|---|---|---|---|
| 005 | 20251222144909.0 | ||
| 008 | 251222s9999||||xx |||||||||||||| ||spa|| | ||
| 020 | _a84-301-0937-4 | ||
| 082 | _a264.23/P87 | ||
| 100 | _aPronzato, Alessandro | ||
| 245 | 0 | _aUn cristiano comienza a leer el evangelio de Marcos: | |
| 264 | _bSÃgueme | ||
| 942 | _cLIB | ||
| 999 |
_c22268 _d22268 |
||